000 00591nam a2200205 a 4500
999 _c5167
_d5167
005 20200529132621.0
008 140318b2004 ck ||||| |||| 00| 0 spa d
040 _aCO-BoIAVH
_cCO-BoIAVH
041 _aspa
044 _ack
082 _a595.736
090 _aLB
_b04530
100 _aVargas Niño, Andrea Patricia
_922666
245 _aTermitidae (insecta: Isoptera) de Colombia
_bclaves genéricas y distribución geográfica
260 _aBogotá
_bPontificia Universidad Javeriana
_c2004
300 _a129 p.
650 0 _aTermitas
_954855
942 _cLIBRO
_2z
945 _d2006-01-16